| 000 | 01228nam a22002894c 4500 | ||
|---|---|---|---|
| 003 | AR-BaSMT | ||
| 008 | 260512b2018 aga|||br|||| 001 1 spa d | ||
| 020 | _a9788426142924 | ||
| 040 |
_aBSGB _bespañol _cBSGB _erda |
||
| 041 | 1 |
_aing _hinglés |
|
| 080 | _a82-31 | ||
| 100 | 1 |
_aBlyton, Enid _9509 |
|
| 245 | 1 | 4 | _aLos cinco y el tesoro de la isla |
| 250 | _aSexta edición | ||
| 264 |
_aBarcelona : _bEditorial Juventud , _c2018 |
||
| 300 |
_a218 páginas ; _bilustraciones blanco y negro |
||
| 336 |
_2rdacontent _atexto _btxt |
||
| 337 |
_2rdamedia _asin mediación _bn |
||
| 338 |
_2rdacarrier _avolumen _bnc |
||
| 490 |
_aLos cinco , _v1 |
||
| 520 |
_a¡Un temporal saca a la luz un antiguo barco naufragado junto a la isla de Kirrin!
Los Cinco se enteran de que llevaba un tesoro y están resueltos a encontrarlo. ¡Pero no son los únicos! Alguien más está sobre la pista. El tiempo se acaba para los Cinco. ¿Conseguirán llegar ellos primero al tesoro? _uhttps://www.editorialjuventud.es/los-cinco-y-el-tesoro-de-la-isla-9788426142924/ 12/05/2026 |
||
| 521 | 1 | _aA partir de 9 años | |
| 650 | 7 |
_98 _aLITERATURA INFANTIL |
|
| 650 | 7 |
_934 _aNOVELA DE AVENTURAS |
|
| 942 |
_2ddc _aBOOK |
||
| 999 |
_c683 _d683 |
||